| 000 | 00387nam a2200121Ia 4500 | ||
|---|---|---|---|
| 008 | 170221s9999 xx 000 0 und d | ||
| 100 | _aEşi Marius-Costel | ||
| 245 | _aPolitical Economics and its Role in the System of the Sciences of Education | ||
| 245 | _cEşi Marius-Costel | ||
| 260 | _c2012 | ||
| 650 | _xBusiness | ||
| 856 | _uhttp://www.scienpress.com/Upload/BEJ/Vol%202_1_2.pdf | ||
| 999 |
_c309675 _d309675 |
||